000 00952nam a2200229Ia 4500
001 14992
003 GE_BSU
008 181216s||||||||xx |||||||||||||| ||und||
040 _cGE_BSU
080 _a517.397
100 _aБурбаки,Н.
245 _aИнтегрирование. Меры на локально-компактных пространствах. Продолжение меры. Интерирование мер.
245 _bМеры на отдельных пространствах
245 _cПод.ред.Ю.В.Прохорова
260 _aМосква
260 _bНаука
260 _c1977
300 _a600стр.22см.
653 _aИнтегрирование. Меры на локально-компактных пространствах. Продолжение меры. Интерирование мер.
653 _aМеры на отдельных пространствах
942 _cBK
999 _c48111
_d48111